| 000 | 02749nam a2200481 i 4500 | ||
|---|---|---|---|
| 001 | DIGDYK0537 | ||
| 003 | NyNyDIG | ||
| 008 | 200610s2013 sp o 000 0 spa d | ||
| 006 | m o d | ||
| 007 | cr ||||||||||| | ||
| 035 | _a(OCoLC)877882299 | ||
| 040 |
_aDGITA _beng _erda _epn _cDGITA |
||
| 020 |
_a9788490316764 _qeBook _qpdf |
||
| 020 |
_a8490316767 _qeBook _qpdf |
||
| 020 | _z9788490315651 | ||
| 020 | _z8490315655 | ||
| 043 | _ae-gx--- | ||
| 050 | 1 | 4 | _aB2745 ebook |
| 082 | 0 | 4 | _a141.0943 |
| 245 | 0 | 3 |
_aEl fondo de la historia : _bestudios sobre idealismo alemán y romanticismo / _cA. Carrasco Conde & A. Gómez Ramos. |
| 264 | 1 |
_aMadrid : _bDykinson, S.L. _c2013. |
|
| 300 | _a1 online resource. | ||
| 336 |
_atext _btxt _2rdacontent |
||
| 337 |
_acomputer _bc _2rdamedia |
||
| 338 |
_aonline resource _bcr _2rdacarrier |
||
| 347 |
_atext file _2rdaft |
||
| 347 | _bPDF | ||
| 505 | 0 | _aInicio del habla, habla del inicio / de Félix Duque -- ¿Pensar la libertad? : la libertad en Schelling en su relación con respecto a Kant / de Wilhelm G. Jacobs -- Fichte o la revolución aborigen permanente / de Jean-Christophe Goddard -- Del sistema de la libertad al diagrama del poder / de Alois Wieshuber -- Estratos del tiempo : o sobre la efectividad del pasado / de Ana Carrasco-Conde -- Idealismo y géneros poéticos / de Arturo Leyte -- El yo poético y la imaginación : variaciones sobre el Romanticismo / de Carlos Thiebaut -- La Idea de la Historia de la Filosofía de Hegel, reconsiderada / de Christoph Asmuth -- Pensar el propio tiempo, o el equilibrio al final de una escalera / de Antonio Gómez Ramos -- La temporalización de la razón : el pensamiento especulativo en el contexto de la evolución de la ciencia moderna / de Volker Rühle -- Juicio sin final : acotaciones a las lecturas románticas de Carl Schmitt y Walter Benjamin / de Antonio Valdecantos. | |
| 588 | 0 | _aOnline resource; title from PDF title page (Digitalia, viewed June 10, 2020) | |
| 650 | 0 |
_aIdealism, German _xHistory _y19th century. |
|
| 650 | 0 |
_aRomanticism _zGermany _xHistory _y19th century. |
|
| 650 | 0 |
_aPhilosophy, German _y19th century. |
|
| 651 | 0 |
_aGermany _xCivilization. |
|
| 655 | 0 | _aElectronic books. | |
| 700 | 1 |
_aCarrasco Conde, Ana, _eeditor, _eauthor. |
|
| 700 | 1 |
_aGómez Ramos, Antonio, _eeditor, _eauthor. |
|
| 791 | 2 |
_aDigitalia (Firm), _edistributor. |
|
| 793 | 0 |
_gDigitalia eBook Collection: _aDykinson Editorial |
|
| 776 | 0 | 8 |
_iPrint version: _aCarrasco Conde, Ana. _tFondo de la historia. _dMadrid : Dykinson, 2013 _z9788490315651 _w(DLC) 2013429606 _w(OCoLC)862740671 |
| 856 | 4 | 0 |
_3Digitalia Hispánica _uhttps://www.digitaliapublishing.com/a/24287/ |
| 910 | _aPremium collection: 2020 | ||
| 942 | _cRAA | ||
| 999 |
_c238288 _d238288 |
||